[Event "Niederbayernliga 1314"]
[Site "Bayern"]
[Date "2014.??.??"]
[Round "7"]
[White "Mueller, Michael3333"]
[Black "Zahov, Ivan"]
[Result "1-0"]
[WhiteElo "2074"]
[BlackElo "1896"]
[PlyCount "42"]
[EventDate "2013.10.13"]
[EventType "team-tourn"]
[EventRounds "9"]
[EventCountry "GER"]
[SourceTitle "EXT 2023"]
[Source "ChessBase"]
[SourceDate "2022.10.05"]
[SourceVersion "1"]
[SourceVersionDate "2022.10.05"]
[SourceQuality "1"]
[WhiteTeam "Bayerwald Regen/Zwiesel"]
[BlackTeam "Landshut II"]
[WhiteTeamCountry "GER"]
[BlackTeamCountry "GER"]

1. g3 d5 2. Bg2 e5 3. c4 c6 4. cxd5 cxd5 5. d4 e4 6. Nc3 Nc6 7. Nh3 h6 8. Nf4 Nf6 9. f3 Bb4 10. 0-0 Bxc3 11. bxc3 0-0 12. fxe4 Nxe4 13. c4 Be6 14. Bxe4 dxe4 15. d5 Qf6 16. Ba3 Bg4 17. Bxf8 Na5 18. Bc5 Nxc4 19. Qd4 Qa6 20. h3 Bf5 21. Nh5 f6 1-0

[Event "Niederbayernliga 1314"]
[Site "Bayern"]
[Date "2013.??.??"]
[Round "3"]
[White "Zahov, Ivan"]
[Black "Mauritz, Guenther"]
[Result "1-0"]
[WhiteElo "1896"]
[BlackElo "1848"]
[PlyCount "111"]
[EventDate "2013.10.13"]
[EventType "team-tourn"]
[EventRounds "9"]
[EventCountry "GER"]
[SourceTitle "EXT 2023"]
[Source "ChessBase"]
[SourceDate "2022.10.05"]
[SourceVersion "1"]
[SourceVersionDate "2022.10.05"]
[SourceQuality "1"]
[WhiteTeam "Landshut II"]
[BlackTeam "Aidenbach"]
[WhiteTeamCountry "GER"]
[BlackTeamCountry "GER"]

1. d4 Nf6 2. c4 c5 3. e3 e6 4. Nc3 b6 5. Nf3 Be7 6. d5 d6 7. Bd3 0-0 8. Qc2 Na6 9. a3 exd5 10. Nxd5 h6 11. 0-0 Nxd5 12. cxd5 f5 13. Bd2 Nc7 14. e4 fxe4 15. Bxe4 Bb7 16. Rad1 b5 17. Rfe1 a5 18. b4 axb4 19. axb4 Nxd5 20. Bxh6 Nxb4 21. Bh7+ Kh8 22. Bxg7+ Kxg7 23. Qg6+ Kh8 24. Qh6 Rf7 25. Be4+ Kg8 26. Bxb7 Ra3 27. Re4 Rh7 28. Qe6+ Kh8 29. Rg4 Qf8 30. Be4 Rh5 31. Rg6 Ra6 32. Qg4 Rh6 33. Rxh6+ Qxh6 34. Qc8+ Bf8 35. Ng5 Kg8 36. Qf5 Ra7 37. Bd5+ Nxd5 38. Qxd5+ Kg7 39. Ne6+ Kh8 40. h4 Be7 41. g3 Qg6 42. Nf4 Qg4 43. Re1 Bxh4 44. Re8+ Kh7 45. Qe4+ Kh6 46. Rh8+ Kg7 47. Ne6+ Qxe6 48. Qxe6 Kxh8 49. gxh4 c4 50. Qe8+ Kh7 51. Qxb5 Rc7 52. Qf5+ Kg7 53. Qg5+ Kh7 54. Qd8 Rg7+ 55. Kf1 c3 56. Qxd6 1-0